Statistics for NBA MVP - Tile Select

Click here to take the quiz!

General Stats

  • This quiz has been taken 475 times
    (251 since last reset)
  • The average score is 65 of 80

Answer Stats

QuestionTileSelect% Correct
NBA MVPKareem Abdul-JabbarYes
99%
NBA MVPStephen CurryYes
99%
NBA MVPGiannis AntetokounmpoYes
98%
NBA MVPBilly CunninghamNo
97%
NBA MVPKobe BryantYes
97%
NBA MVPRay AllenNo
97%
NBA MVPVince CarterNo
97%
NBA MVPCarmelo AnthonyNo
96%
NBA MVPPaul ArizinNo
96%
NBA MVPLarry BirdYes
94%
NBA MVPWilt ChamberlainYes
94%
NBA MVPManu GinóbiliNo
91%
NBA MVPPau GasolNo
91%
NBA MVPAnthony DavisNo
90%
NBA MVPHal GreerNo
90%
NBA MVPJoe DumarsNo
90%
NBA MVPKevin DurantYes
89%
NBA MVPLuka DončićNo
89%
NBA MVPGrant HillNo
88%
NBA MVPLeBron JamesYes
88%
NBA MVPSam JonesNo
88%
NBA MVPJames HardenYes
87%
NBA MVPTim DuncanYes
87%
NBA MVPCharles BarkleyYes
86%
NBA MVPDamian LillardNo
86%
NBA MVPEarl MonroeNo
86%
NBA MVPGeorge GervinNo
86%
NBA MVPJoel EmbiidYes
86%
NBA MVPMagic JohnsonYes
86%
NBA MVPMichael JordanYes
86%
NBA MVPNikola JokićYes
86%
NBA MVPYao MingNo
86%
NBA MVPChris PaulNo
85%
NBA MVPDwight HowardNo
85%
NBA MVPPaul PierceNo
85%
NBA MVPScottie PippenNo
85%
NBA MVPShaquille O'NealYes
85%
NBA MVPTony ParkerNo
85%
NBA MVPTracy McGradyNo
85%
NBA MVPWalt FrazierNo
85%
NBA MVPAllen IversonYes
84%
NBA MVPClyde DrexlerNo
83%
NBA MVPDirk NowitzkiYes
83%
NBA MVPGary PaytonNo
83%
NBA MVPJason KiddNo
83%
NBA MVPKevin McHaleNo
83%
NBA MVPNate ThurmondNo
83%
NBA MVPReggie MillerNo
83%
NBA MVPRick BarryNo
83%
NBA MVPDolph SchayesNo
82%
NBA MVPHakeem OlajuwonYes
82%
NBA MVPKawhi LeonardNo
82%
NBA MVPRussell WestbrookYes
82%
NBA MVPJohn StocktonNo
81%
NBA MVPDerrick RoseYes
80%
NBA MVPPatrick EwingNo
80%
NBA MVPBill RussellYes
79%
NBA MVPKarl MaloneYes
79%
NBA MVPSteve NashYes
79%
NBA MVPJames WorthyNo
78%
NBA MVPKevin GarnettYes
78%
NBA MVPDominique WilkinsNo
77%
NBA MVPDwyane WadeNo
77%
NBA MVPDavid RobinsonYes
74%
NBA MVPIsiah ThomasNo
74%
NBA MVPOscar RobertsonYes
74%
NBA MVPElgin BaylorNo
73%
NBA MVPBob CousyYes
70%
NBA MVPJohn HavlicekNo
70%
NBA MVPMoses MaloneYes
70%
NBA MVPElvin HayesNo
69%
NBA MVPGeorge MikanNo
64%
NBA MVPBob PettitYes
63%
NBA MVPJulius ErvingYes
61%
NBA MVPBob McAdooYes
55%
NBA MVPDave CowensYes
54%
NBA MVPWes UnseldYes
53%
NBA MVPBill WaltonYes
50%
NBA MVPWillis ReedYes
46%
NBA MVPJerry WestNo
42%

Score Distribution

Percentile by Number Answered

Percent of People with Each Score

Your Score History

You have not taken this quiz since the last reset